| 000 | 003790000a22001570004500 | ||
|---|---|---|---|
| 005 | 20120302065108.0 | ||
| 942 | _cBOOK | ||
| 100 | _a Patil, Sau.Jyoti Suresh | ||
| 245 | _a Shree SatPantha Sampraday - Swarup ani Karya | ||
| 250 | _a 1st | ||
| 260 | _aFaizpur:Shree Satpanthi Mandir,1992 | ||
| 300 | _a85p..-ill | ||
| 040 | _aMar | ||
| 365 | _b16/- | ||
| 650 | _aSantavangmay | ||
| 999 |
_c363878 _d363875 |
||